Principles Of Management Text & Cases (Record no. 48505)

000 -LEADER
fixed length control field 00376nam a2200145Ia 4500
008 - FIXED-LENGTH DATA ELEMENTS--GENERAL INFORMATION
fixed length control field 250603s9999 xx 000 0 und d
020 ## - INTERNATIONAL STANDARD BOOK NUMBER
International Standard Book Number 9.7893507147e+012
082 ## - DEWEY DECIMAL CLASSIFICATION NUMBER
Classification number 658.4
Item number VAS/P
100 ## - MAIN ENTRY--PERSONAL NAME
Personal name Vasisth Neeru
245 #0 - TITLE STATEMENT
Title Principles Of Management Text & Cases
250 ## - EDITION STATEMENT
Edition statement 4th
260 ## - PUBLICATION, DISTRIBUTION, ETC.
Place of publication, distribution, etc. New Delhi
Name of publisher, distributor, etc. Taxmann Publication Pvt Ltd
Date of publication, distribution, etc. 2014
300 ## - PHYSICAL DESCRIPTION
Extent 815p
942 ## - ADDED ENTRY ELEMENTS (KOHA)
Koha item type Book
Holdings
Withdrawn status Lost status Damaged status Not for loan Collection code Permanent Location Current Location Date acquired Cost, normal purchase price Full call number Barcode Date last seen Price effective from Koha item type
        School of Management (Noida) MUIT-NOIDA MUIT-NOIDA 2025-06-03 575.00 519.5 VAS/P SOM00593 2025-06-03 2025-06-03 Reference Book

All Rights Reserved@MUIT

Powered by Koha